000 00587nam a2200181Ia 4500
008 151202s9999||||xx |||||||||||||| ||und||
082 _bPNVM-40955
100 _aस्वामी विद्यानंद.
245 _aयुगारंभ.
260 _b"मनोरमा प्रकाशन, मुंबई."
260 _c1996
300 _a374
600 _aस्वामी विद्यानंद.
630 _aयुगारंभ.
700 _aस्वामी विद्यानंद.
730 _aयुगारंभ.
942 _cBOOK
999 _c1306907
_d1306904